[Event "ICS rated blitz match"]
[Site "204.178.125.65"]
[Date "1999.08.02"]
[Round "?"]
[White "pagoda"]
[Black "Hossa"]
[Result "0-1"]
[WhiteElo "2173"]
[BlackElo "2406"]
[PlyCount "86"]
[EventDate "1999.??.??"]

1. e4 c5 2. Nc3 Nc6 3. Nf3 e5 4. Bc4 Be7 5. d3 Nf6 6. Bg5 O-O 7. Qd2 Ng4 8. Be3
d6 9. O-O-O Nd4 10. h3 Nxe3 11. fxe3 Nxf3 12. gxf3 a6 13. Bd5 Kh8 14. f4 f6 15.
f5 Qb6 16. Rdg1 Bd8 17. Rg4 Re8 18. Rhg1 Re7 19. Qe2 Bd7 20. Qg2 c4 21. Rxg7
Qxe3+ 22. Kd1 Qxg1+ 23. Qxg1 Rxg7 24. Qe3 cxd3 25. cxd3 Bc6 26. h4 Ba5 27. Be6
Bxc3 28. bxc3 Rb8 29. Qb6 Re8 30. h5 h6 31. Kc2 Kh7 32. Kb3 Ra8 33. Bd5 Bxd5+
34. exd5 Rd7 35. a4 Rg8 36. c4 Rg3 37. Kc2 Rg2+ 38. Kc3 Kg7 39. c5 dxc5 40. Qe6
Rf7 41. d6 Rg4 42. Qd5 Rd4 43. Qxc5 43... Rd7 {pagoda resigns} 0-1

[Event "ICS rated blitz match"]
[Site "204.178.125.65"]
[Date "1999.08.02"]
[Round "?"]
[White "pagoda"]
[Black "Hossa"]
[Result "0-1"]
[WhiteElo "2160"]
[BlackElo "2419"]
[PlyCount "72"]
[EventDate "1999.??.??"]

1. e4 c5 2. Nc3 Nc6 3. Nf3 e5 4. Bc4 Be7 5. d3 Nf6 6. Bg5 O-O 7. Qd2 Ng4 8. Be3
d6 9. O-O-O Nd4 10. h3 Nxe3 11. fxe3 Nxf3 12. gxf3 a6 13. Bd5 Kh8 14. f4 f6 15.
f5 Qb6 16. Rdg1 Rd8 17. Rg4 Bd7 18. Rhg1 Bf8 19. Qg2 c4 20. d4 g6 21. fxg6 Bxg4
22. Qxg4 Qc7 23. gxh7 Bh6 24. Rg3 exd4 25. Ne2 Qa5 26. Kb1 Qe1+ 27. Nc1 c3 28.
Rg1 Qxe3 29. Nd3 cxb2 30. Re1 Qg5 31. Qe6 Qg7 32. Kxb2 Bg5 33. Rg1 Qxh7 34. Rg4
Rac8 35. Rxg5 fxg5 36. Nf2 36... Qg7 {pagoda resigns} 0-1

[Event "ICS rated blitz match"]
[Site "204.178.125.65"]
[Date "1999.08.02"]
[Round "?"]
[White "Hossa"]
[Black "pagoda"]
[Result "1/2-1/2"]
[WhiteElo "2425"]
[BlackElo "2154"]
[PlyCount "97"]
[EventDate "1999.??.??"]

1. e4 Nf6 2. d3 e5 3. f4 exf4 4. Bxf4 Nc6 5. Ne2 d5 6. e5 Nh5 7. d4 Bg4 8. Be3
Be7 9. c3 O-O 10. Rg1 f6 11. h3 Bxe2 12. Bxe2 Ng3 13. Bf3 fxe5 14. dxe5 Nxe5
15. Qxd5+ Qxd5 16. Bxd5+ Kh8 17. Bxb7 Rab8 18. Ba6 Rxb2 19. Bxa7 c5 20. Kd1 Ra8
21. Re1 Nc6 22. Re6 Rxa7 23. Rxc6 g6 24. Bc4 Bg5 25. Rxc5 Nf5 26. Rxf5 gxf5 27.
Be6 Re7 28. Bxf5 Rf7 29. g4 Re7 30. h4 Bxh4 31. Bc2 Bg5 32. Na3 Rd7+ 33. Ke1
Be7 34. Bf5 Rdd2 35. Nc4 Bh4+ 36. Kf1 Rf2+ 37. Kg1 Rg2+ 38. Kh1 Rh2+ 39. Kg1
Rbe2 40. a3 Be7 41. Rd1 Bc5+ 42. Rd4 Bxd4+ 43. cxd4 Ra2 44. d5 Rhe2 45. Kf1 Rh2
46. Kg1 Rhe2 47. Kf1 Rh2 48. Kg1 Rhe2 49. Kf1 {Game drawn by repetition}
1/2-1/2

[Event "ICS rated blitz match"]
[Site "204.178.125.65"]
[Date "1999.08.02"]
[Round "?"]
[White "Hossa"]
[Black "pagoda"]
[Result "1-0"]
[WhiteElo "2421"]
[BlackElo "2158"]
[PlyCount "65"]
[EventDate "1999.??.??"]

1. e4 Nf6 2. Nc3 e5 3. f4 d5 4. exd5 exf4 5. Bb5+ Bd7 6. Qe2+ Be7 7. d4 a6 8.
Bc4 b5 9. Bb3 Bg4 10. Qe5 Nbd7 11. Qxf4 Bh5 12. Bd2 O-O 13. Nf3 Bd6 14. Qf5 Bg6
15. Qh3 Re8+ 16. Kf2 b4 17. Nb1 Ne4+ 18. Kg1 a5 19. Ba4 Re7 20. Bc6 Rb8 21. Bc1
Rb6 22. c4 bxc3 23. Nxc3 Nb8 24. Ba4 Rb4 25. a3 Rc4 26. Bb3 Rxc3 27. bxc3 Nxc3
28. Bg5 f6 29. Bd2 a4 30. Bc4 Ne2+ 31. Kf2 Nf4 32. Bxf4 Bxf4 33. d6+ {
pagoda resigns} 1-0

[Event "ICS rated blitz match"]
[Site "204.178.125.65"]
[Date "1999.08.02"]
[Round "?"]
[White "pagoda"]
[Black "Hossa"]
[Result "1-0"]
[WhiteElo "2152"]
[BlackElo "2427"]
[PlyCount "45"]
[EventDate "1999.??.??"]

1. e4 c5 2. Nc3 Nc6 3. Nf3 e5 4. Bc4 Be7 5. d3 Nf6 6. Bg5 O-O 7. Qd2 Ng4 8. Be3
d6 9. O-O-O Nd4 10. h3 Nxe3 11. fxe3 Nxf3 12. gxf3 a6 13. f4 Kh8 14. Bd5 f6 15.
f5 Qb6 16. Rdg1 Rd8 17. Rg6 hxg6 18. fxg6 f5 19. h4 Be6 20. Qe2 Bxd5 21. Nxd5
Rab8 22. Nxe7 c4 23. Qh5# {Hossa checkmated} 1-0

[Event "ICS rated blitz match"]
[Site "204.178.125.65"]
[Date "1999.08.02"]
[Round "?"]
[White "Hossa"]
[Black "pagoda"]
[Result "1-0"]
[WhiteElo "2382"]
[BlackElo "2197"]
[PlyCount "75"]
[EventDate "1999.??.??"]

1. e4 Nf6 2. Nc3 d5 3. e5 Nfd7 4. d4 e6 5. Be3 c5 6. Bb5 Nc6 7. Bxc6 bxc6 8.
Nge2 Qb6 9. b3 cxd4 10. Nxd4 c5 11. Nf3 d4 12. Na4 Qc7 13. Bf4 Bb7 14. c3 dxc3
15. Nxc3 Bc6 16. Qe2 Be7 17. O-O O-O 18. Rfe1 Rfd8 19. Rad1 Nb6 20. Rxd8+ Rxd8
21. Ng5 Nd5 22. Qc2 Bxg5 23. Bxg5 Rd7 24. Nxd5 Bxd5 25. Qc3 c4 26. bxc4 Bxc4
27. Rc1 Qc6 28. Qb4 h6 29. Be3 Qd5 30. f4 Ba6 31. Qb3 Qe4 32. Re1 Bb7 33. Qb2
Bd5 34. a3 Rb7 35. Qd2 Qf5 36. Rc1 Qg6 37. Rc8+ Kh7 38. Qe2 {pagoda resigns}
1-0

[Event "ICS rated blitz match"]
[Site "204.178.125.65"]
[Date "1999.08.02"]
[Round "?"]
[White "pagoda"]
[Black "Hossa"]
[Result "0-1"]
[WhiteElo "2189"]
[BlackElo "2390"]
[PlyCount "44"]
[EventDate "1999.??.??"]

1. e4 Nf6 2. e5 Ne4 3. Nc3 Nxc3 4. dxc3 Nc6 5. f4 d6 6. Nf3 Bg4 7. Be2 dxe5 8.
Nxe5 Qxd1+ 9. Bxd1 Bxd1 10. Nxc6 Bxc2 11. Nd4 Be4 12. Kf2 O-O-O 13. Re1 Bd5 14.
b3 c5 15. Nf3 Bxf3 16. Kxf3 e6 17. c4 Be7 18. Bb2 Rhg8 19. Rad1 g5 20. fxg5
Bxg5 21. g3 Rxd1 22. Rxd1 22... Rd8 {pagoda resigns} 0-1

[Event "ICS rated blitz match"]
[Site "204.178.125.65"]
[Date "1999.08.02"]
[Round "?"]
[White "Hossa"]
[Black "pagoda"]
[Result "1-0"]
[WhiteElo "2398"]
[BlackElo "2181"]
[PlyCount "61"]
[EventDate "1999.??.??"]

1. e4 Nf6 2. Nc3 d5 3. e5 Nfd7 4. d4 e6 5. Nce2 c5 6. c3 Nc6 7. f4 Qb6 8. Nf3
cxd4 9. Nexd4 Nxd4 10. cxd4 Nb8 11. a3 a5 12. Bd3 Nc6 13. Rb1 Bd7 14. Be3 a4
15. O-O Na5 16. Ng5 h6 17. Qh5 hxg5 18. Qxh8 g4 19. Rfd1 O-O-O 20. Qh4 Nb3 21.
Bc2 Kb8 22. Bxb3 axb3 23. Ra1 g6 24. Qxg4 Be7 25. Qh3 Rc8 26. Qh7 Be8 27. Rdb1
Rc2 28. Qh8 Rc8 29. Rc1 Bc6 30. Qg7 Ka7 31. Qxf7 {pagoda resigns} 1-0

[Event "ICS rated blitz match"]
[Site "204.178.125.65"]
[Date "1999.08.02"]
[Round "?"]
[White "pagoda"]
[Black "Hossa"]
[Result "0-1"]
[WhiteElo "2174"]
[BlackElo "2405"]
[PlyCount "26"]
[EventDate "1999.??.??"]

1. e4 Nf6 2. Nc3 Nc6 3. Nf3 d5 4. e5 Ne4 5. d3 Nxc3 6. bxc3 f6 7. exf6 exf6 8.
d4 Bd6 9. Bb5 O-O 10. Be3 Ne7 11. Qd2 Bg4 12. O-O-O c6 13. Bd3 13... Ba3+ {
pagoda resigns} 0-1

[Event "ICS rated blitz match"]
[Site "204.178.125.65"]
[Date "1999.08.02"]
[Round "?"]
[White "Hossa"]
[Black "pagoda"]
[Result "0-1"]
[WhiteElo "2412"]
[BlackElo "2167"]
[PlyCount "89"]
[EventDate "1999.??.??"]

1. e4 Nf6 2. Nc3 d5 3. e5 Nfd7 4. d4 e6 5. Be3 c5 6. Bb5 Nc6 7. f4 cxd4 8. Bxd4
Nxd4 9. Qxd4 a6 10. Bxd7+ Bxd7 11. Nge2 Rc8 12. O-O-O Bc5 13. Qd2 O-O 14. Ne4
Be7 15. g3 Bb5 16. N4c3 Bc4 17. a3 b5 18. Nb1 a5 19. Qe3 b4 20. Nd4 bxa3 21.
Nxa3 Qd7 22. Nxc4 Rxc4 23. Rd3 Rfc8 24. Kd1 Bc5 25. c3 Qa7 26. Rg1 a4 27. Ke2
a3 28. Ra1 axb2 29. Rxa7 b1=Q 30. Ra6 Bxd4 31. cxd4 Rc2+ 32. Rd2 h5 33. g4
Rxd2+ 34. Qxd2 Rc2 35. Ra8+ Kh7 36. gxh5 Qc1 37. Qxc2+ Qxc2+ 38. Kf3 Qe4+ 39.
Kg3 Qxd4 40. Kg4 Qg1+ 41. Kh3 Qf1+ 42. Kg3 Qg1+ 43. Kh3 Qf2 44. Ra3 Qxf4 45.
Kg2 {Hossa resigns} 0-1

[Event "ICS rated blitz match"]
[Site "204.178.125.65"]
[Date "1999.08.02"]
[Round "?"]
[White "pagoda"]
[Black "Hossa"]
[Result "1-0"]
[WhiteElo "2193"]
[BlackElo "2386"]
[PlyCount "122"]
[EventDate "1999.??.??"]

1. e4 Nf6 2. Nc3 Nc6 3. d3 e5 4. f4 Bb4 5. fxe5 Nxe5 6. Bd2 d5 7. exd5 Nxd5 8.
Nf3 Bg4 9. Be2 Nxf3+ 10. Bxf3 Qh4+ 11. g3 Qe7+ 12. Kf2 Qc5+ 13. Kg2 Bxc3 14.
bxc3 Bxf3+ 15. Qxf3 O-O 16. c4 Nb4 17. Bxb4 Qxb4 18. Rab1 Qd2+ 19. Qf2 Qxf2+
20. Kxf2 b6 21. a4 Rae8 22. a5 Re7 23. axb6 axb6 24. Rhe1 Ree8 25. Ra1 f5 26.
Rxe8 Rxe8 27. Ra7 Re7 28. Kf3 g5 29. c5 bxc5 30. Ra5 Kf7 31. Rxc5 Kg6 32. h3
Kf6 33. Rc6+ Kg7 34. c3 Rd7 35. d4 h5 36. h4 gxh4 37. gxh4 Rf7 38. Kf4 Kh7 39.
Ra6 Rf8 40. d5 Kg7 41. Ra7 Rf7 42. d6 cxd6 43. Rxf7+ Kxf7 44. Kxf5 d5 45. Ke5
Ke7 46. Kxd5 Kf6 47. c4 Kf7 48. Ke5 Ke7 49. Kf5 Kf8 50. Kg6 Ke7 51. Kxh5 Kd8
52. Kg6 Kd7 53. h5 Ke6 54. h6 Ke5 55. h7 Kd6 56. h8=Q Kc5 57. Qc8+ Kb4 58. Kf5
Kb3 59. Ke4 Kc2 60. Kd4 Kb3 61. Qb7+ 61... Kc2 {Hossa resigns} 1-0

[Event "ICS rated blitz match"]
[Site "204.178.125.65"]
[Date "1999.08.02"]
[Round "?"]
[White "Hossa"]
[Black "oncegood"]
[Result "1-0"]
[WhiteElo "2362"]
[BlackElo "2246"]
[PlyCount "69"]
[EventDate "1999.??.??"]

1. d4 Nf6 2. c4 c5 3. d5 b5 4. cxb5 a6 5. f3 axb5 6. e4 Qa5+ 7. Bd2 b4 8. Na3
d6 9. Nc4 Qc7 10. a3 bxa3 11. Rxa3 Rxa3 12. bxa3 g6 13. Qa4+ Bd7 14. Qa8 Bc8
15. Bd3 Bg7 16. Ne2 O-O 17. O-O Nbd7 18. Rb1 Ne5 19. Ba5 Qd7 20. Nxe5 dxe5 21.
Bb5 Qd6 22. Qa7 Nh5 23. Bb6 Nf4 24. Bxc5 Nxe2+ 25. Kh1 Qf6 26. Bxe7 Qf4 27.
Bxe2 Re8 28. Bb5 Rxe7 29. Qxe7 Bf8 30. Qd8 Bh3 31. Rf1 Bxg2+ 32. Kxg2 Qd2+ 33.
Kh1 Qd4 34. Qe8 Qxd5 35. exd5 {oncegood resigns} 1-0

[Event "ICS rated blitz match"]
[Site "204.178.125.65"]
[Date "1999.08.02"]
[Round "?"]
[White "hamsi"]
[Black "Hossa"]
[Result "0-1"]
[WhiteElo "2226"]
[BlackElo "2373"]
[PlyCount "72"]
[EventDate "1999.??.??"]

1. d4 d5 2. Nf3 Nf6 3. Bf4 Bf5 4. Nbd2 Nc6 5. e3 Nb4 6. Bb5+ c6 7. Ba4 Qa5 8.
Bb3 e6 9. O-O Bg4 10. h3 Bxf3 11. Nxf3 Be7 12. c3 Na6 13. Ne5 O-O 14. Bc2 c5
15. g4 Ne4 16. f3 Ng5 17. h4 Nh3+ 18. Kg2 Nxf4+ 19. exf4 cxd4 20. Qd3 f5 21. g5
dxc3 22. bxc3 Rac8 23. Bb3 Rxc3 24. Qe2 Ba3 25. h5 Nc5 26. g6 Nxb3 27. gxh7+
Kxh7 28. axb3 Rxb3 29. Kg3 Rc3 30. Ng6 Re8 31. Qe5 Qc5 32. Rh1 Re3 33. h6 Rxe5
34. Nxe5 gxh6 35. Rh5 Rg8+ 36. Kh3 36... Qf2 {hamsi resigns} 0-1

[Event "ICS rated blitz match"]
[Site "204.178.125.65"]
[Date "1999.08.02"]
[Round "?"]
[White "Hossa"]
[Black "bookbuilder"]
[Result "0-1"]
[WhiteElo "2389"]
[BlackElo "2730"]
[PlyCount "108"]
[EventDate "1999.??.??"]

1. d4 d5 2. c4 dxc4 3. e4 e5 4. Nf3 exd4 5. Bxc4 Nc6 6. O-O Nf6 7. Qb3 Qd7 8.
Ng5 Ne5 9. Bb5 c6 10. f4 Neg4 11. Bc4 Nh6 12. Nd2 b5 13. Bd3 Nfg4 14. Ndf3 f6
15. Nh3 Bc5 16. a4 Ne3 17. Bxe3 dxe3 18. Kh1 bxa4 19. Rxa4 Qe7 20. f5 Nf7 21.
Nf4 O-O 22. Bc4 Bd7 23. Ng6 hxg6 24. fxg6 Be8 25. Qc3 Bb6 26. gxf7+ Bxf7 27.
Nh4 Qd7 28. Ng6 Rfe8 29. Nf4 Rac8 30. b3 a5 31. Bxf7+ Qxf7 32. Rc4 Qd7 33. Ra4
Rb8 34. Qc2 Bc7 35. Ne2 Qd6 36. Qc4+ Kh7 37. Nf4 Qd7 38. Qc2 Qd2 39. Qb1 Bxf4
40. Rxf4 e2 41. Rh4+ Kg8 42. Ra1 a4 43. Qg1 axb3 44. Qb1 b2 45. Qa2+ Qd5 46.
Qxd5+ cxd5 47. Rb1 Rbc8 48. g3 Rc1+ 49. Kg2 e1=Q 50. Rxc1 bxc1=Q 51. Rf4 Rxe4
52. Kh3 Rxf4 53. g4 Qce3+ 54. Kg2 54... Rxg4# {Hossa checkmated} 0-1

[Event "ICS rated blitz match"]
[Site "204.178.125.65"]
[Date "1999.08.03"]
[Round "?"]
[White "Hossa"]
[Black "Slonik"]
[Result "1-0"]
[WhiteElo "2385"]
[BlackElo "2113"]
[PlyCount "63"]
[EventDate "1999.??.??"]

1. d4 Nf6 2. c4 g6 3. Nc3 Bg7 4. e4 d6 5. f3 O-O 6. Be3 e5 7. Nge2 Nbd7 8. d5
a6 9. Rb1 Ne8 10. Qd2 Rb8 11. Bg5 f6 12. Bh6 f5 13. Bxg7 Kxg7 14. exf5 Rxf5 15.
Ne4 Nef6 16. N4g3 Nc5 17. b4 Na4 18. Nxf5+ Bxf5 19. Rd1 e4 20. fxe4 Bxe4 21.
Nd4 Qe7 22. Qe3 c5 23. Ne6+ Kh8 24. bxc5 Nxc5 25. Nxc5 dxc5 26. Bd3 Re8 27. O-O
Ng4 28. Qf4 Bxd3 29. Rxd3 Ne5 30. Re3 Qg7 31. Rfe1 g5 32. Rxe5 {Slonik resigns}
1-0

[Event "ICS rated blitz match"]
[Site "204.178.125.65"]
[Date "1999.08.03"]
[Round "?"]
[White "dirkpittt"]
[Black "Hossa"]
[Result "0-1"]
[WhiteElo "2182"]
[BlackElo "2391"]
[PlyCount "56"]
[EventDate "1999.??.??"]

1. d4 d5 2. c4 c6 3. Nc3 dxc4 4. a4 c5 5. d5 b6 6. e4 Ba6 7. Nf3 e6 8. Be2 Nd7
9. O-O Be7 10. d6 Bf6 11. Nd2 Bxc3 12. bxc3 Ngf6 13. f4 O-O 14. e5 Nd5 15. Nxc4
Nxc3 16. Qc2 Nxe2+ 17. Qxe2 Qh4 18. Qc2 Bxc4 19. Qxc4 Nxe5 20. Qc3 Ng4 21. h3
Nf6 22. Bb2 Rad8 23. Rad1 Rd7 24. Rf3 Rfd8 25. Rg3 Rxd6 26. Rxd6 Rxd6 27. Rg4
Rd1+ 28. Kh2 28... Nxg4# {dirkpittt checkmated} 0-1

[Event "ICS rated blitz match"]
[Site "204.178.125.65"]
[Date "1999.08.03"]
[Round "?"]
[White "Hossa"]
[Black "dirkpittt"]
[Result "1-0"]
[WhiteElo "2398"]
[BlackElo "2175"]
[PlyCount "45"]
[EventDate "1999.??.??"]

1. d4 Nf6 2. c4 c5 3. d5 e6 4. Nc3 exd5 5. cxd5 d6 6. Nf3 g5 7. Bxg5 Be7 8.
Qa4+ Bd7 9. Qb3 b6 10. e4 a6 11. Bd3 b5 12. Qc2 c4 13. Bf1 Rg8 14. O-O-O b4 15.
Bxf6 Bxf6 16. Ne2 a5 17. Qxc4 Na6 18. Ned4 Rc8 19. Nc6 Bxc6 20. dxc6 Qb6 21.
Rxd6 Qxf2 22. Rxf6 Qe3+ 23. Kb1 {dirkpittt resigns} 1-0

[Event "ICS rated blitz match"]
[Site "204.178.125.65"]
[Date "1999.08.03"]
[Round "?"]
[White "Hossa"]
[Black "brutus"]
[Result "1/2-1/2"]
[WhiteElo "2409"]
[BlackElo "2070"]
[PlyCount "143"]
[EventDate "1999.??.??"]

1. e4 e6 2. d4 d5 3. Bd3 dxe4 4. Bxe4 Nf6 5. Bf3 Be7 6. Ne2 O-O 7. O-O c5 8.
dxc5 Bxc5 9. Qxd8 Rxd8 10. Bg5 Be7 11. Nbc3 Nc6 12. Rad1 Bd7 13. Rd2 Be8 14.
Rfd1 h6 15. Be3 Rxd2 16. Rxd2 a6 17. Bf4 Rd8 18. Rxd8 Bxd8 19. Bd6 Bd7 20. a3
Ne8 21. Bf4 Bc7 22. Bxc7 Nxc7 23. Be4 Nd8 24. Nd4 Kf8 25. g3 Ke7 26. f4 Kd6 27.
Nf3 Bc6 28. Kf2 Bxe4 29. Nxe4+ Ke7 30. c4 Nc6 31. c5 Ne8 32. Ne5 Nxe5 33. fxe5
f5 34. Nd6 Nxd6 35. cxd6+ Kd7 36. h4 g6 37. Ke3 g5 38. h5 Kc6 39. b4 b6 40. a4
Kd7 41. Kf3 Kd8 42. Kf2 Kd7 43. Ke2 Kc6 44. b5+ axb5 45. axb5+ Kd7 46. Kf1 Kd8
47. Kg2 Kd7 48. Kf2 Kd8 49. Ke1 Kd7 50. Ke2 Kd8 51. Kd3 Kd7 52. Kd4 Kd8 53. Kc3
Kd7 54. Kd2 Kd8 55. Kc2 Kd7 56. Kc3 g4 57. Kd2 Kd8 58. Ke2 Kd7 59. Ke3 Kd8 60.
Kf2 Kd7 61. Kg1 Kd8 62. Kg2 Kd7 63. Kf1 Kd8 64. Ke1 Kd7 65. Ke2 Kd8 66. Kd2 Kd7
67. Ke1 Kd8 68. Kf1 Kd7 69. Ke1 Kd8 70. Kf1 Kd7 71. Ke1 Kd8 72. Kf1 {
Game drawn by repetition} 1/2-1/2

[Event "ICS rated blitz match"]
[Site "204.178.125.65"]
[Date "1999.08.03"]
[Round "?"]
[White "brutus"]
[Black "Hossa"]
[Result "0-1"]
[WhiteElo "2082"]
[BlackElo "2397"]
[PlyCount "64"]
[EventDate "1999.??.??"]

1. e4 Nf6 2. Nc3 Nc6 3. e5 Nxe5 4. d4 Nc6 5. d5 Ne5 6. f4 Ng6 7. f5 Ne5 8. Nf3
Nxf3+ 9. Qxf3 c6 10. Bg5 Nxd5 11. Nxd5 cxd5 12. Qxd5 h6 13. Bh4 e6 14. Bxd8
exd5 15. Bc7 d6 16. Bd3 Kd7 17. Ba5 b6 18. Bc3 Kc7 19. O-O-O Bd7 20. g4 Re8 21.
Rhe1 Rxe1 22. Rxe1 f6 23. Bf1 h5 24. h3 hxg4 25. hxg4 Rh1 26. Be2 Rxe1+ 27.
Bxe1 a5 28. Bf3 Bc6 29. Bh4 Be7 30. Kd2 b5 31. Bf2 a4 32. Be3 32... d4 {
brutus resigns} 0-1

[Event "ICS rated blitz match"]
[Site "204.178.125.65"]
[Date "1999.08.03"]
[Round "?"]
[White "Hossa"]
[Black "brutus"]
[Result "1-0"]
[WhiteElo "2401"]
[BlackElo "2078"]
[PlyCount "47"]
[EventDate "1999.??.??"]

1. d4 Nf6 2. c4 e6 3. Nc3 d5 4. Bg5 Be7 5. e3 c6 6. cxd5 cxd5 7. Rc1 O-O 8. Bd3
Nc6 9. Nge2 Bd7 10. Bxf6 Bxf6 11. O-O g6 12. Qb3 Rb8 13. a3 Na5 14. Qa2 Qb6 15.
b4 Nc6 16. Na4 Qd8 17. Nc5 b6 18. Nxd7 Qxd7 19. Qc2 Ne7 20. Qc7 Rfd8 21. Qf4
Bg7 22. Rc7 Qd6 23. Qxd6 Rxd6 24. Rxe7 {brutus resigns} 1-0

[Event "ICS rated blitz match"]
[Site "204.178.125.65"]
[Date "1999.08.03"]
[Round "?"]
[White "Hossa"]
[Black "Bura"]
[Result "1-0"]
[WhiteElo "2426"]
[BlackElo "2486"]
[PlyCount "83"]
[EventDate "1999.??.??"]

1. d4 Nf6 2. c4 c6 3. Nf3 d5 4. Qc2 a6 5. Bf4 g6 6. e3 Bf5 7. Qb3 b5 8. cxd5
Nxd5 9. Be5 f6 10. Bxb8 Rxb8 11. Nbd2 Qa5 12. Bd3 Be6 13. O-O Nf4 14. Bc4 Bxc4
15. Nxc4 Qc7 16. exf4 bxc4 17. Qxc4 Rxb2 18. Qxa6 Qxf4 19. Qxc6+ Kf7 20. Rab1
Rxb1 21. Rxb1 Bh6 22. Qd5+ Kg7 23. Qd7 Kf7 24. d5 Re8 25. Qe6+ Kg7 26. Rb7 Kf8
27. Ne1 Qc4 28. Rb2 Rd8 29. Re2 Qc7 30. Nd3 Rd6 31. Qe4 Kf7 32. Nb4 Qc1+ 33.
Re1 Qc7 34. Nc6 Rd7 35. Qe6+ Kf8 36. Rb1 Bf4 37. Rb8+ Kg7 38. Rg8+ Kh6 39. g3
Bd2 40. Qh3+ Kg5 41. Nd4 f5 42. Qh4# {Bura checkmated} 1-0

[Event "ICS rated blitz match"]
[Site "204.178.125.65"]
[Date "1999.08.03"]
[Round "?"]
[White "SuperChicken"]
[Black "Hossa"]
[Result "1-0"]
[WhiteElo "2522"]
[BlackElo "2445"]
[PlyCount "96"]
[EventDate "1999.??.??"]

1. d4 d5 2. c4 c6 3. Nf3 Nf6 4. e3 Bf5 5. cxd5 cxd5 6. Qb3 Qc7 7. Bd2 Nc6 8.
Nc3 e6 9. Rc1 Be7 10. Ne5 O-O 11. Be2 Rac8 12. O-O a6 13. g4 Bg6 14. Nxg6 fxg6
15. g5 Nh5 16. Bg4 Qd6 17. f4 b5 18. Qd1 Qd7 19. Qf3 Nb4 20. e4 Nc6 21. Nxd5
Nxd4 22. Qd3 Nc6 23. Qh3 Kf7 24. Nb6 Qxd2 25. Bxe6+ Ke8 26. Bd7+ Kd8 27. Bxc6
Kc7 28. Nxc8 Nxf4 29. Bxb5+ Kb7 30. Qd7+ Qxd7 31. Bxd7 Ne2+ 32. Kg2 Nxc1 33.
Nxe7 Rxf1 34. Kxf1 Kc7 35. Bh3 Kd6 36. Nd5 Nxa2 37. Kf2 Ke5 38. Ke3 Kd6 39. Kd4
Nc1 40. e5+ Kc6 41. e6 Nb3+ 42. Ke5 Na5 43. e7 Nc4+ 44. Ke6 Nd6 45. Nb4+ Kb5
46. Kxd6 Kxb4 47. Be6 h6 48. e8=Q 48... hxg5 {Hossa resigns} 1-0

[Event "ICS rated blitz match"]
[Site "204.178.125.65"]
[Date "1999.08.03"]
[Round "?"]
[White "Hossa"]
[Black "GARCICS"]
[Result "1-0"]
[WhiteElo "2449"]
[BlackElo "2058"]
[PlyCount "57"]
[EventDate "1999.??.??"]

1. d4 Nf6 2. c3 d6 3. Bf4 Nbd7 4. e3 e5 5. Bg3 Be7 6. Nf3 Ne4 7. Bb5 Nxg3 8.
fxg3 c6 9. Bd3 Bf6 10. O-O O-O 11. Qc2 g6 12. Nbd2 Re8 13. Ne4 Be7 14. Nf2 Bf6
15. Ng4 Bg7 16. e4 h5 17. Ne3 Qe7 18. Rae1 Nf8 19. Qb3 Be6 20. d5 Bd7 21. Qxb7
Reb8 22. Qc7 Rc8 23. Qa5 c5 24. Rf2 Qe8 25. Nc4 Qe7 26. Qa6 Rcb8 27. Qxd6 Qxd6
28. Nxd6 Bh6 29. Nxe5 {GARCICS resigns} 1-0

[Event "ICS rated blitz match"]
[Site "204.178.125.65"]
[Date "1999.08.03"]
[Round "?"]
[White "GARCICS"]
[Black "Hossa"]
[Result "0-1"]
[WhiteElo "2055"]
[BlackElo "2452"]
[PlyCount "42"]
[EventDate "1999.??.??"]

1. e4 e6 2. Nf3 d5 3. e5 c5 4. b4 cxb4 5. a3 Nc6 6. axb4 Bxb4 7. c3 Ba5 8. d4
Nge7 9. Bd3 Bd7 10. O-O h6 11. Ba3 O-O 12. Bd6 Rc8 13. Qb3 Bb6 14. Nbd2 f6 15.
Rfe1 Qe8 16. Bb1 fxe5 17. Nxe5 Nxd4 18. cxd4 Bxd4 19. Qd3 Bxf2+ 20. Kh1 Rf5 21.
Re2 21... Rc1+ {GARCICS resigns} 0-1

[Event "ICS rated blitz match"]
[Site "204.178.125.65"]
[Date "1999.08.03"]
[Round "?"]
[White "Hossa"]
[Black "GARCICS"]
[Result "1-0"]
[WhiteElo "2455"]
[BlackElo "2052"]
[PlyCount "63"]
[EventDate "1999.??.??"]

1. d4 Nf6 2. c4 g6 3. Nc3 Bg7 4. e4 O-O 5. Bg5 d6 6. f3 Nc6 7. Nge2 Rb8 8. Qd2
a6 9. Bh6 e5 10. d5 Na5 11. Ng3 c5 12. O-O-O Bd7 13. Bxg7 Kxg7 14. f4 exf4 15.
Qxf4 Qe7 16. Re1 Ng4 17. Be2 Ne5 18. Qf1 b5 19. cxb5 axb5 20. Rg1 b4 21. Nd1 c4
22. Ne3 Rfc8 23. Qf4 Nd3+ 24. Bxd3 cxd3+ 25. Kd2 Bb5 26. Ngf5+ gxf5 27. Nxf5+
Kf8 28. Nxe7 Rc2+ 29. Ke3 Nc4+ 30. Kd4 Kxe7 31. Qh4+ f6 32. Qxh7+ {
GARCICS resigns} 1-0

[Event "ICS rated blitz match"]
[Site "204.178.125.65"]
[Date "1999.08.03"]
[Round "?"]
[White "GARCICS"]
[Black "Hossa"]
[Result "1/2-1/2"]
[WhiteElo "2049"]
[BlackElo "2458"]
[PlyCount "61"]
[EventDate "1999.??.??"]

1. e4 e6 2. Nf3 d5 3. e5 c5 4. b4 cxb4 5. a3 Nc6 6. axb4 Bxb4 7. c3 Ba5 8. d4
Nge7 9. Bd3 Bd7 10. O-O h6 11. Ba3 O-O 12. Bd6 Rc8 13. Ra3 f6 14. Nbd2 fxe5 15.
Nxe5 Nxe5 16. Bxe5 Rxc3 17. Rxc3 Bxc3 18. Nf3 Nc6 19. Bb1 Qa5 20. Qd3 Rf5 21.
Qe2 Nxe5 22. Nxe5 Bb5 23. Qg4 Bxf1 24. Bxf5 exf5 25. Qxf5 Ba6 26. Qf7+ Kh7 27.
Qg6+ Kh8 28. Qe8+ Kh7 29. Qg6+ Kh8 30. Qe8+ Kh7 31. Qg6+ {
Game drawn by repetition} 1/2-1/2

[Event "ICS rated blitz match"]
[Site "204.178.125.65"]
[Date "1999.08.03"]
[Round "?"]
[White "brutus"]
[Black "Hossa"]
[Result "0-1"]
[WhiteElo "2074"]
[BlackElo "2448"]
[PlyCount "84"]
[EventDate "1999.??.??"]

1. e4 e6 2. d4 d5 3. Nc3 Bb4 4. e5 Ne7 5. a3 Bxc3+ 6. bxc3 O-O 7. Bd3 f6 8. f4
fxe5 9. fxe5 c5 10. Nf3 Nbc6 11. O-O Rb8 12. Bd2 Nf5 13. Ng5 cxd4 14. Qh5 h6
15. Rf3 hxg5 16. Rh3 Nxe5 17. Bxg5 Qb6 18. Rf1 dxc3+ 19. Kh1 Qc5 20. g4 Nh6 21.
Bxh6 Nxd3 22. Rhf3 Rxf3 23. Rxf3 Nf2+ 24. Kg2 Qd4 25. Qg6 Qxg4+ 26. Qxg4 Nxg4
27. Bg5 e5 28. Kg3 d4 29. Rd3 Nh6 30. Be7 Nf5+ 31. Kg4 Nxe7+ 32. Kg5 Bf5 33.
Rd1 Bxc2 34. Rc1 d3 35. Re1 d2 36. Rxe5 d1=Q 37. Rxe7 Qd8 38. Kf4 Qxe7 39. Kf3
Bd1+ 40. Kg3 Qg5+ 41. Kf2 Rf8+ 42. Ke1 42... Qg1# {brutus checkmated} 0-1

[Event "ICS rated blitz match"]
[Site "204.178.125.65"]
[Date "1999.08.03"]
[Round "?"]
[White "Hossa"]
[Black "brutus"]
[Result "1-0"]
[WhiteElo "2451"]
[BlackElo "2071"]
[PlyCount "79"]
[EventDate "1999.??.??"]

1. d4 e6 2. Bf4 d5 3. e3 Nf6 4. Bd3 Bd6 5. Ne2 O-O 6. O-O b6 7. c4 Ba6 8. cxd5
Bxd3 9. Qxd3 Nxd5 10. Bxd6 cxd6 11. e4 Nf6 12. Nbc3 Nbd7 13. Rac1 Rc8 14. Nb5
Rxc1 15. Rxc1 Qb8 16. Rc6 d5 17. e5 Ne8 18. Qa3 Qb7 19. Nxa7 Nc7 20. Rc2 Ra8
21. Qe7 Qxa7 22. Qxd7 Ne8 23. Qxa7 Rxa7 24. Rc8 Kf8 25. Nc3 Ke7 26. Rb8 Ra6 27.
Rb7+ Kf8 28. a3 g6 29. Na2 Ng7 30. Rb8+ Ke7 31. Nb4 Ra4 32. g4 Ne8 33. f4 Kd7
34. Rxb6 Nc7 35. g5 Ra8 36. Kf2 Rc8 37. Rd6+ Ke7 38. Rc6 Kd7 39. Ke3 Rb8 40.
Rxc7+ {brutus resigns} 1-0